LEADER 01227nam a2200277 u 4500 001 000000086359 003 CaOOAMICUS 005 20070226124306.0 008 050928s1951 it u000 u ita u 035 $a11060562 040 $aPUL(R)$bita 041 1 $aita$agrc 130 0 $aLogia agrapha.$lItaliano.$0(OLS)http://pul/title/111931 245 10$aLogia agrapha :$bdetti extracanonici di Gesł /$c[a cura di Giuseppe Faggin]. 260 $aFirenze :$bFussi :$bSansoni,$c1951. 300 $a2 v. ;$c17 cm 490 1 $aIl melagrano ;$v91-94 546 $aTesto a fronte in greco. 700 1 $aFaggin, Giuseppe,$d1906-$0(OLS)http://pul/name/7707 830 3$aIl melagrano ;$v91-94.$0(OLS)http://pul/title/9155 850 $aPUL 852 $aPUL$W1$xDP1 Fondo Cecchetti$y53$m293 B 35-36$j109663$nBK-PRI$b $qFondi$B109663$CPULBib$Z2$F109663 $HPUL3239-3240 $81 852 $aPUL$W1$xDP1 Fondo Cecchetti$y53$m293 B 35-36$j109663$nBK-PRI$b $qFondi$B109664$CPULBib$Z2$F109664 $HPUL3239-3240 $81 941 1 $a1 996 $6245$aLogia agrapha :$bdetti extracanonici di Gesł$9(OLS)http://pul/title/111932 996 $6260$aFirenze :$bFussi :$bSansoni$9(OLS)http://pul/publisher/77431 LEADER 01538nam a2200313 a 4500 001 000000011246 003 CaOOAMICUS 005 20130724143003.0 008 941124s1930 it u000 u ita r 035 $a10276594 040 $aPUL(R)$bita 100 1 $aErmini, Giuseppe,$d1900-1981.$0(OLS)http://pul/name/2787 245 12$aI parlamenti dello Stato della Chiesa, dalle origini al periodo albornoziano /$cGiuseppe Ermini. 260 $aRoma :$bG. Bardi,$c1930. 300 $a120 p. ;$c25 cm 490 1 $aBiblioteca della Rivista di storia del diritto italiano ;$v5 504 $aBibliografia in nota a fondo pagina. 600 14$aAlbornoz, Gil Alvarez Carrillo de,$ccard.,$d1300-1367.$0(OLS)http://pul/subject/8661 650 4$aParlamenti$zStato della Chiesa$ySec. XIII-XIV.$0(OLS)http://pul/subject/8662 830 0$aBiblioteca della Rivista di storia del diritto italiano ;$v5.$0(OLS)http://pul/title/7731 850 $aPUL 852 $aPUL$W1$xDP1 Fondo Maccarrone$y58$m1504 G 11$j15937$nBK-PRI$b $qFondi$B15937$CPULBib$Z2$F15937 $H $81 852 $aPUL$W1$xDP2 Diritto e Scienze Sociali 1$y65$m181 A 51$j15938$nBK-PRI$qStampati$B15938$CPULBib$Z2$F15938 $82 941 1 $a1 941 1 $a8 961 $aINV: 01356 -- Fondo Mons. M. Maccarrone 961 $aEx libris: Evaristi Carusi. 996 $6245$aI parlamenti dello Stato della Chiesa, dalle origini al periodo albornoziano$9(OLS)http://pul/title/16322 996 $6260$aRoma :$bG. Bardi$9(OLS)http://pul/publisher/47975